000
00271nam a22001217a 4500
008
170612b xxu||||| |||| 00| 0 eng d
041
_a
eng
080
_a
94(100)
100
_a
17
101
_a
SHH
245
_a
THE ORIGINS OF THE WORLD WAR I
_c
FAY,S.B
942
_2
udc
_c
BK
999
_c
16870
_d
16870